000 00663nas a2200241 4500
001 BR8602399
003 BR-BrBNA
005 20231205090450.0
007 ta
008 230509b bl.|||p| |||| 00| 00por d
040 _aBR-BrBNA
_bpor
_cBiblioteca Nacional de Agricultura
041 _a(Pt)
072 _aL02; L10
100 1 _aMaciel, M.L.T.
245 1 _aCaprinos; ate cactus vira leite
650 _aCABRA
650 _aNUTRICAO ANIMAL
650 _aCACTO
650 _aREPRODUCAO ANIMAL
773 0 _tGranja (Brazil)
_xISSN 0367-505X
_g(Jun 1986), v. 42(461) p. 20-24
_wBR8602399
909 _a202311
_bLúcia
_c55
_dLúcia Elande
942 _2AGRIS
_n0
_cANA
999 _c118630
_d118630